Statistics for Random geography #2

Click here to take the quiz!

General Stats

  • This quiz has been taken 20 times
    (6 since last reset)
  • The average score is 4 of 6

Answer Stats

QuestionAnswer% Correct
Old name of Istanbul?Constantinople
100%
Chinese province north of Nepal?Tibet
100%
Capital of Turkey?Ankara
80%
Ocean between Europe and the Americas?Atlantic
80%
Old empire of the above?{Roman} Empire
40%
First Spanish colony?Isabela
0%

Score Distribution

Percentile by Number Answered

Percent of People with Each Score

Your Score History

You have not taken this quiz since the last reset